Cocina rápida / (Registro nro. 29512)

Detalles MARC
000 -LEADER
fixed length control field 00758nam a22002297a 4500
003 - CONTROL NUMBER IDENTIFIER
control field OSt
005 - DATE AND TIME OF LATEST TRANSACTION
control field 20221019112806.0
008 - FIXED-LENGTH DATA ELEMENTS--GENERAL INFORMATION
fixed length control field 220706s2010 ck ao||g |||| 001 0 spa d
020 ## - INTERNATIONAL STANDARD BOOK NUMBER
International Standard Book Number 9783625176404
040 ## - CATALOGING SOURCE
Original cataloging agency CO-JMCR
Transcribing agency CO-JMCR
041 1# - LANGUAGE CODE
Language code of text/sound track or separate title spa
Language code of original ger
082 ## - DEWEY DECIMAL CLASSIFICATION NUMBER
Classification number 641.5029 /
Item number C663c
Edition number 23
245 10 - TITLE STATEMENT
Title Cocina rápida /
Statement of responsibility, etc. traducción, Almudena Sasiain
260 ## - PUBLICATION, DISTRIBUTION, ETC.
Place of publication, distribution, etc. Barcelona :
Name of publisher, distributor, etc. Vemag,
Date of publication, distribution, etc. [2010?]
300 ## - PHYSICAL DESCRIPTION
Extent 112 páginas :
Other physical details ilustraciones y fotografías a color ;
Dimensions 25 cm.
505 0# - FORMATTED CONTENTS NOTE
Formatted contents note Carnes rojas -- Aves -- Pescado -- Marisco -- Platos vegetarianos.
520 3# - SUMMARY, ETC.
Summary, etc. Recetas para comida rápida.
546 ## - LANGUAGE NOTE
Language note Traducido del alemán.
650 14 - SUBJECT ADDED ENTRY--TOPICAL TERM
Topical term or geographic name entry element Cocina
General subdivision Receta
9 (RLIN) 42105
700 1# - ADDED ENTRY--PERSONAL NAME
Personal name Sasiain, Almudena,
9 (RLIN) 42106
Relator term traductora
942 ## - ADDED ENTRY ELEMENTS (KOHA)
Source of classification or shelving scheme Dewey Decimal Classification
Koha item type Books
Existencias
Withdrawn status Lost status Source of classification or shelving scheme Damaged status Not for loan Home library Current library Shelving location Date acquired Source of acquisition Total Checkouts Full call number Barcode Date last seen Date last checked out Copy number Price effective from Koha item type
    Dewey Decimal Classification     Biblioteca Pública José María del Castillo y Rada Biblioteca Pública José María del Castillo y Rada General Stacks 07/06/2022 Donación 17 641.5029 / C663c 201811516 04/06/2026 04/06/2026 Ej.1 07/06/2022 Books